[Event "ch-FRA w 2016"]
[Site "Agen FRA"]
[Date "2016.08.17"]
[Round "5.4"]
[White "Bollengier, Andreea"]
[Black "Fischer, Julie"]
[Result "1/2-1/2"]
[WhiteTitle "WIM"]
[BlackTitle "WFM"]
[WhiteElo "2233"]
[BlackElo "2071"]
[WhiteFideId "1203347"]
[BlackFideId "699969"]
[EventDate "2016.08.13"]

1. d4 Nf6 2. c4 c5 3. Nf3 cxd4 4. Nxd4 e6 5. g3 d5 6. Bg2 Bb4+ 7. Bd2 Bxd2+ 8.
Nxd2 O-O 9. O-O Nc6 10. Nxc6 bxc6 11. e4 Rb8 12. Qc2 Ba6 13. b3 Qa5 14. h3 Rfd8
15. e5 Nd7 16. f4 Nb6 17. a3 dxc4 18. b4 Qa4 19. Rfc1 Qxc2 20. Rxc2 Bb5 21. Ne4
Rd4 22. Rac1 Rbd8 23. Nd6 R8xd6 24. exd6 Kf8 25. Bf1 Ke8 26. Kf2 Kd7 27. Ke3
Rxd6 28. Ra2 c3 29. Kf2 Na4 30. Ke3 Nb2 31. Be2 Bxe2 32. Kxe2 Rd2+ 33. Kf3 Rd3+
34. Kg2 Kd6 35. a4 Kd5 36. b5 Nd1 37. Kf1 Nb2 38. bxc6 Nc4 39. c7 Nd6 40. a5 Kd4
41. Ra4+ Ke3 42. Re1+ Kf3 43. Rc4 Nxc4 44. c8=Q Nd2+ 45. Kg1 Kxg3 46. Rc1 Nf3+
47. Kf1 Rd2 48. Qc5 Nh2+ 49. Ke1 Nf3+ 1/2-1/2

[Event "ch-FRA w 2016"]
[Site "Agen FRA"]
[Date "2016.08.17"]
[Round "5.5"]
[White "Monpeurt, Cyrielle"]
[Black "Safranska, Anda"]
[Result "1/2-1/2"]
[WhiteTitle "WFM"]
[BlackTitle "WGM"]
[WhiteElo "2136"]
[BlackElo "2226"]
[WhiteFideId "677400"]
[BlackFideId "11600209"]
[EventDate "2016.08.13"]

1. d4 d5 2. Nc3 Bf5 3. Nf3 h6 4. Bf4 Nf6 5. e3 c6 6. Bd3 Bxd3 7. Qxd3 e6 8. h3
Nbd7 9. O-O-O Qa5 10. Kb1 Bb4 11. Ne2 Ne4 12. Rhf1 O-O 13. c3 Be7 14. Ne5 Nxe5
15. Bxe5 c5 16. f3 c4 17. Qc2 Nf6 18. Bxf6 Bxf6 19. f4 b5 20. g4 b4 21. cxb4
Qxb4 22. Rg1 Be7 23. h4 Rab8 24. h5 Rfc8 25. Nc3 Qa5 26. Ka1 Rc6 27. g5 hxg5 28.
fxg5 Ra6 29. g6 f5 30. h6 gxh6 31. Qh2 Qb6 32. Rd2 Kg7 33. Rh1 Rh8 34. e4 dxe4
35. d5 Qd6 36. Qe2 Bg5 37. Rdd1 e5 38. Qxc4 Kxg6 39. Nb5 Qd7 40. Qe2 Rb6 41. Nc3
Kg7 42. Qh2 Qe7 43. Rdg1 Rg6 44. d6 Qxd6 45. Qf2 Qd7 46. Rd1 Qf7 47. Rd5 Re8 48.
Rhd1 e3 49. Qe2 Re7 50. Nb5 Rc6 51. a3 Rc1+ 52. Rxc1 Qxd5 53. Rd1 Qe6 54. Rd6
Qf7 55. Ra6 f4 56. Nd6 Qf8 57. Qg4 Kh8 58. Rc6 Kh7 59. Rc8 Qf6 60. Rd8 f3 61.
Ne4 Qf4 62. Nxg5+ Qxg5 63. Qxf3 Qf4 64. Qa8 Qf1+ 65. Ka2 Qf7+ 66. Ka1 Qf1+ 67.
Ka2 Qc4+ 68. Ka1 e2 69. Rh8+ Kg6 70. Qg2+ Kf5 71. Rf8+ Rf7 72. Rxf7+ Qxf7 73.
Qxe2 h5 74. Qf3+ Kg6 75. Qg3+ Kf6 76. Qf3+ Kg6 77. Qg3+ 1/2-1/2

[Event "ch-FRA w 2016"]
[Site "Agen FRA"]
[Date "2016.08.18"]
[Round "6.1"]
[White "Milliet, Sophie"]
[Black "Bollengier, Andreea"]
[Result "1-0"]
[WhiteTitle "IM"]
[BlackTitle "WIM"]
[WhiteElo "2354"]
[BlackElo "2233"]
[WhiteFideId "623725"]
[BlackFideId "1203347"]
[EventDate "2016.08.13"]

1. e4 d5 2. exd5 Qxd5 3. Nc3 Qd8 4. d4 Nf6 5. h3 c6 6. Nf3 Bf5 7. g4 Be6 8. Bg2
Nbd7 9. Bf4 Nd5 10. Nxd5 Bxd5 11. Qe2 e6 12. c4 Bb4+ 13. Kf1 Bxf3 14. Bxf3 Qe7
15. Rd1 O-O 16. c5 Rfe8 17. Bd6 Qd8 18. h4 Ba5 19. g5 Bc7 20. Bxc7 Qxc7 21. Be4
e5 22. Qc2 Nf8 23. d5 cxd5 24. Bxd5 Qe7 25. Rg1 Rac8 26. b4 a5 27. a3 axb4 28.
axb4 b6 29. h5 g6 30. hxg6 hxg6 31. Qe4 bxc5 32. b5 c4 33. Re1 c3 34. Qh4 e4 35.
Rxe4 c2 36. Rxe7 c1=Q+ 37. Kg2 Qxg1+ 38. Kxg1 Rxe7 39. b6 Rc5 40. Qb4 Rc1+ 41.
Kh2 Rce1 42. b7 Nd7 43. Qd6 Kg7 44. Bc6 R1e6 45. Qd4+ 1-0

[Event "ch-FRA w 2016"]
[Site "Agen FRA"]
[Date "2016.08.18"]
[Round "6.2"]
[White "Maisuradze, Nino"]
[Black "Navrotescu, Andreea-Cristiana"]
[Result "0-1"]
[WhiteTitle "WGM"]
[BlackTitle "WIM"]
[WhiteElo "2297"]
[BlackElo "2297"]
[WhiteFideId "13601717"]
[BlackFideId "675946"]
[EventDate "2016.08.13"]

1. d4 e6 2. Bf4 c5 3. e3 Nf6 4. c3 Nc6 5. Nd2 d5 6. Bd3 Be7 7. h3 O-O 8. Ngf3
Nd7 9. Qc2 h6 10. g4 c4 11. Be2 f5 12. Rg1 Kh8 13. g5 hxg5 14. Nxg5 Nf6 15. Ndf3
Ne4 16. Nxe4 dxe4 17. Ne5 Nxe5 18. Bxe5 Bf6 19. Bxf6 Rxf6 20. Bxc4 Rb8 21. Qe2
a6 22. Bb3 b5 23. O-O-O Rh6 24. Rg3 a5 25. d5 e5 26. d6 f4 27. exf4 exf4 28.
Rgg1 Bf5 29. Rd5 Qd7 30. Rg5 f3 31. Qd2 Bh7 32. Rh5 Rxh5 33. Rxh5 a4 34. Bc2 Qe6
35. Qd5 Qxd5 36. Rxd5 Rd8 37. Kd2 e3+ 38. fxe3 f2 39. Ke2 Rf8 40. Kf1 Bxc2 41.
d7 Be4 42. Rd1 Bf5 43. Ke2 Bxh3 0-1

[Event "ch-FRA w 2016"]
[Site "Agen FRA"]
[Date "2016.08.18"]
[Round "6.3"]
[White "Skripchenko, Almira"]
[Black "Collas, Silvia"]
[Result "1/2-1/2"]
[WhiteTitle "IM"]
[BlackTitle "IM"]
[WhiteElo "2452"]
[BlackElo "2296"]
[WhiteFideId "13900145"]
[BlackFideId "2902265"]
[EventDate "2016.08.13"]

1. e4 c5 2. Nf3 e6 3. c3 Nf6 4. e5 Nd5 5. d4 cxd4 6. cxd4 d6 7. Bc4 Be7 8. O-O
O-O 9. Qe2 b6 10. Nbd2 Bb7 11. Ne4 dxe5 12. dxe5 Nd7 13. Bd2 Qb8 14. Ng3 Rd8 15.
a3 a5 16. Rfe1 a4 17. h4 Nc5 18. Ng5 h6 19. Nf3 Nc7 20. Bb4 Ba6 21. Nh5 Qb7 22.
Rac1 Bf8 23. Bxc5 bxc5 24. Rc2 Nd5 25. Nd2 Nb6 26. Bxa6 Qxa6 27. Qxa6 Rxa6 28.
Nf4 Ra5 29. g3 c4 30. Nxc4 Rc5 31. Rec1 Rdc8 32. Ne3 g5 33. hxg5 hxg5 34. Nd3
Rxc2 35. Rxc2 Rxc2 36. Nxc2 f6 37. exf6 Kf7 38. Ne3 Kxf6 39. Kf1 Bg7 40. Ke2 Ke7
41. Kf3 Bf6 42. Ke4 Kd6 43. Ng4 Bg7 44. Nge5 Bxe5 45. Nxe5 Kc5 46. Kd3 Kd5 47.
Ng4 Kc5 48. Nf6 Nc4 49. Kc3 Nd6 50. f3 Nf7 51. Ne4+ Kd5 52. g4 Ke5 53. Nc5 Kf4
54. Nxe6+ Kxf3 55. Kb4 Kxg4 56. Kxa4 Kf5 57. Nxg5 Nxg5 58. Kb5 Ke6 59. Kc6 Ke7
60. a4 Kd8 61. Kb7 Ne4 62. b4 Nd6+ 63. Kc6 Nc4 64. Kb7 Nd6+ 65. Kb8 Kd7 66. b5
Nc4 67. Kb7 Nd6+ 68. Ka7 Kc8 69. b6 Nb7 70. Ka6 Kb8 71. Kb5 Nd6+ 72. Kc5 Nb7+
73. Kc6 Na5+ 74. Kb5 Nb7 75. a5 Nxa5 76. Kxa5 Kb7 77. Kb5 Kb8 78. Kb4 Kb7 79.
Kc5 Kb8 80. Kc6 Kc8 1/2-1/2

[Event "ch-FRA w 2016"]
[Site "Agen FRA"]
[Date "2016.08.18"]
[Round "6.4"]
[White "Safranska, Anda"]
[Black "Fischer, Julie"]
[Result "1-0"]
[WhiteTitle "WGM"]
[BlackTitle "WFM"]
[WhiteElo "2226"]
[BlackElo "2071"]
[WhiteFideId "11600209"]
[BlackFideId "699969"]
[EventDate "2016.08.13"]

1. e4 c5 2. g3 Nc6 3. Bg2 g6 4. f4 Bg7 5. Nf3 d6 6. d3 e5 7. fxe5 dxe5 8. O-O
Nge7 9. Be3 b6 10. a3 O-O 11. c4 h6 12. Nc3 Be6 13. Nd5 Rb8 14. Qd2 Kh7 15. b4
Nd4 16. Rab1 Nec6 17. Nh4 Bxd5 18. cxd5 Ne7 19. Bh3 cxb4 20. Bxd4 exd4 21. Qxb4
f5 22. d6 Nc6 23. Qb5 Qxd6 24. exf5 g5 25. Ng6 Rfe8 26. Bg2 Ne5 27. Rbe1 Bf6 28.
Qa6 Qc7 29. Rc1 Qd7 30. Nxe5 Rxe5 31. Rc6 Kg7 32. Qc4 Re7 33. a4 Rd8 34. Rc1 Qe8
35. Re6 Rdd7 36. Bc6 Qh5 37. Bxd7 Rxd7 38. Rxf6 Kxf6 39. Qe6+ 1-0

[Event "ch-FRA w 2016"]
[Site "Agen FRA"]
[Date "2016.08.18"]
[Round "6.5"]
[White "Monpeurt, Cyrielle"]
[Black "Benmesbah, Natacha"]
[Result "0-1"]
[WhiteTitle "WFM"]
[BlackTitle "WIM"]
[WhiteElo "2136"]
[BlackElo "2244"]
[WhiteFideId "677400"]
[BlackFideId "642002"]
[EventDate "2016.08.13"]

1. e4 c5 2. Nc3 Nc6 3. Nf3 g6 4. d4 cxd4 5. Nxd4 Bg7 6. Be3 Nf6 7. Nxc6 bxc6 8.
e5 Ng8 9. Bd4 Qa5 10. f4 f6 11. Qd2 fxe5 12. fxe5 c5 13. Bf2 Bxe5 14. Bc4 Nf6
15. O-O Ba6 16. Bxa6 Qxa6 17. Bxc5 Qc4 18. Be3 O-O 19. h3 d6 20. Rae1 Rab8 21.
Bf4 Qd4+ 22. Qxd4 Bxd4+ 23. Be3 Bxc3 24. bxc3 Rb7 25. c4 Rc8 26. Bg5 Rxc4 27.
Bxf6 exf6 28. Rxf6 Rxc2 29. Rxd6 Rxa2 30. Red1 Rbb2 31. Rd8+ Kg7 32. R1d7+ Kh6
33. Rh8 Rxg2+ 34. Kf1 Rgf2+ 35. Kg1 Kg5 36. Rhxh7 a5 37. Rd5+ Rf5 38. Rd4 Rc5
39. Rg4+ Kf6 40. Rf4+ Rf5 41. Rd4 Rc5 42. Rf4+ Ke5 43. Rf1 Rcc2 44. Re1+ Kf6 45.
Rh4 Rg2+ 46. Kf1 Raf2# 0-1

[Event "ch-FRA w 2016"]
[Site "Agen FRA"]
[Date "2016.08.19"]
[Round "7.1"]
[White "Navrotescu, Andreea-Cristiana"]
[Black "Monpeurt, Cyrielle"]
[Result "1-0"]
[WhiteTitle "WIM"]
[BlackTitle "WFM"]
[WhiteElo "2297"]
[BlackElo "2136"]
[WhiteFideId "675946"]
[BlackFideId "677400"]
[EventDate "2016.08.13"]

1. c4 c6 2. Nf3 d5 3. g3 Nf6 4. Bg2 Bg4 5. Ne5 Be6 6. cxd5 Bxd5 7. Nf3 c5 8. Nc3
Bc6 9. O-O e6 10. d3 Be7 11. a3 O-O 12. Bd2 Nbd7 13. Qb1 Nd5 14. e4 N5f6 15. b4
b5 16. d4 cxb4 17. axb4 a5 18. e5 Nd5 19. Nxd5 Bxd5 20. bxa5 Qb8 21. Bb4 Bxb4
22. Ng5 Rc8 23. Qxh7+ Kf8 24. Bxd5 exd5 25. Qf5 Nxe5 26. dxe5 Ra7 27. Rab1 Rc4
28. e6 f6 29. Qxd5 Re7 30. Nh7+ Kg8 31. Rxb4 Rxb4 32. Nxf6+ gxf6 33. Qc5 Rxe6
34. Qxb4 Re5 35. Qg4+ Rg5 36. Qe6+ Kg7 37. Rd1 1-0

[Event "ch-FRA w 2016"]
[Site "Agen FRA"]
[Date "2016.08.19"]
[Round "7.2"]
[White "Bollengier, Andreea"]
[Black "Skripchenko, Almira"]
[Result "0-1"]
[WhiteTitle "WIM"]
[BlackTitle "IM"]
[WhiteElo "2233"]
[BlackElo "2452"]
[WhiteFideId "1203347"]
[BlackFideId "13900145"]
[EventDate "2016.08.13"]

1. c4 g6 2. Nc3 Bg7 3. g3 c5 4. Bg2 Nc6 5. d3 d6 6. e4 Nd4 7. h3 h5 8. Nge2 Bd7
9. Nxd4 cxd4 10. Ne2 b5 11. cxb5 Qa5+ 12. Qd2 Qxb5 13. a4 Qb6 14. b4 Rb8 15. b5
a6 16. bxa6 Qxa6 17. O-O e5 18. f4 Ne7 19. fxe5 dxe5 20. Ba3 Be6 21. Rfb1 Kd7
22. h4 Rhc8 23. Kh2 Nc6 24. Bh3 Bxh3 25. Kxh3 Na5 26. Nc1 Bh6 27. Qa2 Qe6+ 28.
Qxe6+ Kxe6 29. Rb5 Ra8 30. Rb6+ Kd7 31. Rd6+ Ke8 32. Rd5 f6 33. Bb4 Nc6 34. Bd6
Bxc1 35. Rxc1 Rxa4 36. Rb1 Nd8 37. Rb6 Rc2 38. Bxe5 fxe5 39. Rxg6 Raa2 40. g4
Rh2+ 41. Kg3 Rhg2+ 42. Kh3 hxg4+ 43. Rxg4 Rh2+ 44. Kg3 Nf7 45. Rg8+ Ke7 46. Rb8
Rag2+ 47. Kf3 Rg6 48. Rb7+ Kf8 0-1

[Event "ch-FRA w 2016"]
[Site "Agen FRA"]
[Date "2016.08.19"]
[Round "7.3"]
[White "Collas, Silvia"]
[Black "Maisuradze, Nino"]
[Result "1/2-1/2"]
[WhiteTitle "IM"]
[BlackTitle "WGM"]
[WhiteElo "2296"]
[BlackElo "2297"]
[WhiteFideId "2902265"]
[BlackFideId "13601717"]
[EventDate "2016.08.13"]

1. c4 c5 2. Nf3 Nc6 3. d4 cxd4 4. Nxd4 Nf6 5. Nc3 e6 6. a3 Bc5 7. Nb3 Be7 8. e4
b6 9. Be2 Bb7 10. O-O O-O 11. f4 d6 12. Be3 Rc8 13. Bf3 Qc7 14. Rc1 Qb8 15. Qe2
Ba6 16. Nb5 Rfe8 17. Rfd1 Bf8 18. a4 Bb7 19. Bf2 Rcd8 20. Bh4 Be7 21. Qe1 a6 22.
Nc3 Nd7 23. Bxe7 Rxe7 24. Rc2 Nc5 25. Nc1 Ree8 26. Rcd2 Nb4 27. Qg3 Kh8 28. h4
Bc6 29. b3 Rd7 30. h5 h6 31. Qf2 Red8 32. Rd4 Bb7 33. g3 Qa8 34. Bg2 Kg8 35. Kh2
Nc6 36. R4d2 Nb4 37. Rd4 Nc6 38. R4d2 Nb4 39. Rd4 Nc6 1/2-1/2

[Event "ch-FRA w 2016"]
[Site "Agen FRA"]
[Date "2016.08.19"]
[Round "7.4"]
[White "Benmesbah, Natacha"]
[Black "Safranska, Anda"]
[Result "1-0"]
[WhiteTitle "WIM"]
[BlackTitle "WGM"]
[WhiteElo "2244"]
[BlackElo "2226"]
[WhiteFideId "642002"]
[BlackFideId "11600209"]
[EventDate "2016.08.13"]

1. e4 c6 2. c4 g6 3. Nc3 Bg7 4. d4 d6 5. Be3 Nf6 6. h3 O-O 7. Nf3 e5 8. d5 a6 9.
Be2 cxd5 10. Nxd5 Nxd5 11. Qxd5 Nc6 12. O-O Be6 13. Qd3 Bf6 14. Rfd1 Be7 15. h4
Bxh4 16. Qxd6 Qxd6 17. Rxd6 Be7 18. Rd2 f6 19. Bb6 Rac8 20. a3 f5 21. exf5 gxf5
22. Rad1 Kf7 23. b4 e4 24. Nd4 Nxd4 25. Rxd4 Bf6 26. R4d2 f4 27. c5 f3 28. gxf3
Rg8+ 29. Kh1 Rg6 30. fxe4 Rcg8 31. Bh5 Kf8 32. Bxg6 Rxg6 33. Rg1 Rh6+ 34. Kg2
Be5 35. Rh1 Rg6+ 36. Kf3 Rf6+ 37. Ke2 Bc4+ 38. Kd1 Bb3+ 39. Ke1 Bc3 40. Rh3
Bxd2+ 41. Kxd2 Rxf2+ 42. Kc3 Be6 43. Rxh7 Bf7 44. Rh3 Re2 45. Kd4 Ke7 46. Ke5
Bg6 47. Rh4 Ra2 48. Rg4 Bf7 49. Rg3 Be8 50. Bc7 Bc6 51. Bd6+ Kf7 52. Rf3+ Kg6
53. Rf6+ Kg7 54. Rf4 Rxa3 55. Ke6 Re3 56. e5 Kh7 57. Rg4 Re4 58. Rxe4 Bxe4 59.
Kf7 Bd5+ 60. e6 Bc4 61. Be7 Bd5 62. Bf8 Bc4 63. c6 bxc6 64. Bc5 Bd5 65. Ke7 Kg6
66. Kd7 Kf5 67. e7 Bf7 68. e8=Q Bxe8+ 69. Kxe8 Ke6 70. Kd8 Kd5 71. Kc7 1-0

[Event "ch-FRA w 2016"]
[Site "Agen FRA"]
[Date "2016.08.19"]
[Round "7.5"]
[White "Fischer, Julie"]
[Black "Milliet, Sophie"]
[Result "1/2-1/2"]
[WhiteTitle "WFM"]
[BlackTitle "IM"]
[WhiteElo "2071"]
[BlackElo "2354"]
[WhiteFideId "699969"]
[BlackFideId "623725"]
[EventDate "2016.08.13"]

1. e4 c5 2. Nf3 d6 3. Bb5+ Nd7 4. O-O a6 5. Bd3 Ngf6 6. Re1 e6 7. c3 b5 8. Bc2
c4 9. d4 cxd3 10. Bxd3 Bb7 11. a4 bxa4 12. Qxa4 Be7 13. e5 dxe5 14. Nxe5 O-O 15.
Nc6 Bxc6 16. Qxc6 Ne5 17. Rxe5 Qxd3 18. Nd2 Rfd8 19. h3 Qc2 20. Re1 Rab8 21. Nc4
Nd5 22. Qxa6 Bc5 23. Rf1 Nf6 24. Be3 Bxe3 25. fxe3 h6 26. Qa7 Qe2 27. Ne5 Rxb2
28. Qxf7+ Kh8 29. Ng6+ Kh7 30. Nf4 Qxe3+ 31. Kh1 Ne4 32. Qg6+ Kh8 33. Nh5 Qg5
34. Qxe4 Qxh5 35. Qxe6 Qe2 36. Qg6 Qc2 37. Qg3 Qd3 38. Qxd3 Rxd3 39. Rac1 Rdd2
40. Rg1 Rbc2 41. Kh2 Kh7 42. c4 1/2-1/2

[Event "ch-FRA w 2016"]
[Site "Agen FRA"]
[Date "2016.08.20"]
[Round "8.1"]
[White "Skripchenko, Almira"]
[Black "Fischer, Julie"]
[Result "1-0"]
[WhiteTitle "IM"]
[BlackTitle "WFM"]
[WhiteElo "2452"]
[BlackElo "2071"]
[WhiteFideId "13900145"]
[BlackFideId "699969"]
[EventDate "2016.08.13"]

1. e4 c5 2. Nf3 Nc6 3. Bb5 g6 4. O-O Bg7 5. c3 Nf6 6. Qe2 a6 7. Bxc6 bxc6 8. d4
cxd4 9. cxd4 O-O 10. Nc3 a5 11. Rd1 d6 12. h3 Rb8 13. Be3 Qb6 14. b3 Qa6 15. Qd2
Nd7 16. Bh6 Nb6 17. Rab1 f5 18. Re1 Rb7 19. e5 d5 20. e6 Rf6 21. Bg5 Rf8 22. h4
a4 23. h5 axb3 24. axb3 Qa3 25. hxg6 hxg6 26. Ne5 Bxe5 27. Rxe5 Qd6 28. Qf4 Bxe6
29. Rbe1 Bf7 30. Qh4 Nc8 31. Na4 Rxb3 32. Nc5 Rb4 33. Qh6 1-0

[Event "ch-FRA w 2016"]
[Site "Agen FRA"]
[Date "2016.08.20"]
[Round "8.2"]
[White "Maisuradze, Nino"]
[Black "Bollengier, Andreea"]
[Result "1/2-1/2"]
[WhiteTitle "WGM"]
[BlackTitle "WIM"]
[WhiteElo "2297"]
[BlackElo "2233"]
[WhiteFideId "13601717"]
[BlackFideId "1203347"]
[EventDate "2016.08.13"]

1. d4 d5 2. Nf3 Nf6 3. Bf4 c5 4. e3 cxd4 5. exd4 Nc6 6. c3 a6 7. Bd3 Bg4 8. Nbd2
e6 9. Qb3 Qc8 10. O-O Be7 11. Ne5 Bh5 12. Rae1 Bg6 13. Nxg6 hxg6 14. Nf3 Nh5 15.
Bg5 Bxg5 16. Nxg5 Nf4 17. Bb1 Qc7 18. g3 O-O-O 19. h4 Nh5 20. Kg2 Na5 21. Qd1
Nc4 22. b3 Nd6 23. Bxg6 fxg6 24. Nxe6 Qd7 25. Nxd8 Kxd8 26. Qd2 Ne4 27. Rxe4
dxe4 28. Qg5+ Kc8 29. Qxg6 Nf6 30. Re1 Rh6 31. Qg5 Rh5 32. Qg6 Rh6 33. Qg5 Rh5
34. Qg6 Rf5 35. c4 Ra5 36. Re2 Rf5 37. d5 Kd8 38. Kg1 b6 39. Re3 a5 40. a4 Kc7
41. f4 Rh5 42. Kg2 Rh6 43. Qg5 Rh5 44. Qg6 1/2-1/2

[Event "ch-FRA w 2016"]
[Site "Agen FRA"]
[Date "2016.08.20"]
[Round "8.3"]
[White "Benmesbah, Natacha"]
[Black "Navrotescu, Andreea-Cristiana"]
[Result "1-0"]
[WhiteTitle "WIM"]
[BlackTitle "WIM"]
[WhiteElo "2244"]
[BlackElo "2297"]
[WhiteFideId "642002"]
[BlackFideId "675946"]
[EventDate "2016.08.13"]

1. e4 c5 2. Nf3 Nc6 3. Bb5 Nf6 4. Nc3 g6 5. h3 Bg7 6. e5 Ng8 7. O-O Nxe5 8. Nxe5
Bxe5 9. Re1 f6 10. Qf3 e6 11. d4 cxd4 12. Rxe5 fxe5 13. Ne4 h6 14. Qg3 Qe7 15.
Qxe5 Rh7 16. Bf4 a6 17. Qc7 Qd8 18. Nd6+ Ke7 19. Qc5 b6 20. Nxc8+ Kf7 21. Nd6+
Kg7 22. Be5+ Kf8 23. Qb4 Ne7 24. Ba4 b5 25. Bb3 Nc6 26. Qc5 Nxe5 27. Qxe5 Qb6
28. Rd1 Ke7 29. Rxd4 Rf8 30. Rf4 Rg8 31. Ne4 Rf7 32. Rxf7+ Kxf7 33. Nf6 Rd8 34.
Ng4 Kg8 35. Qf6 Kh7 36. Qf7+ Kh8 37. Nf6 1-0

[Event "ch-FRA w 2016"]
[Site "Agen FRA"]
[Date "2016.08.20"]
[Round "8.4"]
[White "Safranska, Anda"]
[Black "Milliet, Sophie"]
[Result "1/2-1/2"]
[WhiteTitle "WGM"]
[BlackTitle "IM"]
[WhiteElo "2226"]
[BlackElo "2354"]
[WhiteFideId "11600209"]
[BlackFideId "623725"]
[EventDate "2016.08.13"]

1. e4 c5 2. g3 d5 3. exd5 Qxd5 4. Nf3 Bg4 5. Bg2 Qe6+ 6. Kf1 Nc6 7. h3 Bh5 8. d3
Qd7 9. Na3 e6 10. Kg1 Bd6 11. Nc4 Nge7 12. Nxd6+ Qxd6 13. Bf4 e5 14. Be3 O-O 15.
g4 Bg6 16. Nd2 Nd4 17. Bxb7 Rab8 18. Nc4 Qc7 19. Bg2 f5 20. Bxd4 exd4 21. g5 Bf7
22. b3 Nd5 23. h4 Nc3 24. Qf3 Bd5 25. Qh3 Rbe8 26. Bxd5+ Nxd5 27. Qf3 Nf4 28. h5
Ne2+ 29. Kf1 Nc3 30. g6 h6 31. Re1 Rxe1+ 32. Kxe1 Qe7+ 33. Kf1 Re8 34. Rh3 f4
35. Rh1 Qg5 36. Nd6 Rf8 37. Nf7 Qf5 38. Rh4 Nd5 39. Kg2 a5 40. Qe4 Qd7 41. a4
Re8 42. Qf3 Qe6 43. Rh1 Qd7 44. Rc1 Qe6 45. Ra1 Qd7 46. Rc1 Qe6 47. Ra1 Qd7 48.
Rc1 1/2-1/2

[Event "ch-FRA w 2016"]
[Site "Agen FRA"]
[Date "2016.08.20"]
[Round "8.5"]
[White "Monpeurt, Cyrielle"]
[Black "Collas, Silvia"]
[Result "1/2-1/2"]
[WhiteTitle "WFM"]
[BlackTitle "IM"]
[WhiteElo "2136"]
[BlackElo "2296"]
[WhiteFideId "677400"]
[BlackFideId "2902265"]
[EventDate "2016.08.13"]

1. e4 c5 2. Nc3 e6 3. Nf3 a6 4. d4 cxd4 5. Nxd4 Qc7 6. Bd3 Nc6 7. Be3 Nf6 8. O-O
b5 9. Nxc6 Qxc6 10. f4 b4 11. e5 bxc3 12. exf6 cxb2 13. Rb1 Rb8 14. f5 e5 15.
fxg7 Bxg7 16. Qg4 Bf6 17. c4 h5 18. Qe2 Rg8 19. Bd4 Bb7 20. Rxb2 Rxg2+ 21. Qxg2
Qxg2+ 22. Rxg2 Bxg2 23. Re1 Bf3 24. Bxe5 Bxe5 25. Rxe5+ Kd8 26. Kf2 Bg4 27. Kg3
Rb2 28. Ra5 Rd2 29. Be4 Rd4 30. Bd5 Ke7 31. Rxa6 Bxf5 32. Rh6 Bg6 33. Bf3 Rxc4
34. Bxh5 Rc3+ 35. Kg4 Bxh5+ 36. Rxh5 Rc2 37. a3 Rc4+ 38. Kg5 Rc3 39. a4 Ra3 40.
Rh4 d5 41. Kf5 Kd6 42. Rf4 Kc5 43. Kg5 d4 44. Rxf7 Rxa4 45. Rd7 Kc6 46. Rd8 Ra5+
47. Kf4 Rd5 48. Rxd5 Kxd5 49. Kf3 Ke5 1/2-1/2

[Event "ch-FRA w 2016"]
[Site "Agen FRA"]
[Date "2016.08.21"]
[Round "9.1"]
[White "Navrotescu, Andreea-Cristiana"]
[Black "Safranska, Anda"]
[Result "0-1"]
[WhiteTitle "WIM"]
[BlackTitle "WGM"]
[WhiteElo "2297"]
[BlackElo "2226"]
[WhiteFideId "675946"]
[BlackFideId "11600209"]
[EventDate "2016.08.13"]

1. d4 d6 2. Nf3 g6 3. c4 Bg7 4. g3 Nf6 5. Bg2 O-O 6. O-O Nc6 7. Nc3 Bf5 8. d5
Na5 9. Nd2 c5 10. e4 Bd7 11. Qc2 Rb8 12. b3 a6 13. Bb2 b5 14. Rab1 e5 15. cxb5
axb5 16. a4 bxa4 17. bxa4 Bh6 18. Ba1 Rb4 19. Rxb4 cxb4 20. Nb5 Bxb5 21. axb5
Qb6 22. Nb3 Nxb3 23. Qxb3 Qxb5 24. Rb1 Rb8 25. Bf1 Qc5 26. Qf3 Nd7 27. Kg2 Qc2
28. Bd3 Qa2 29. Qd1 Nc5 30. Bb2 Nxd3 31. Qxd3 Rc8 32. Bxe5 Rc2 33. Ra1 Rxf2+ 34.
Kh3 Rxh2+ 35. Kg4 f5+ 36. exf5 gxf5+ 37. Kxf5 Qf2+ 38. Kg4 dxe5 39. Ra8+ Bf8 40.
d6 Kg7 41. d7 h5+ 0-1

[Event "ch-FRA w 2016"]
[Site "Agen FRA"]
[Date "2016.08.21"]
[Round "9.2"]
[White "Collas, Silvia"]
[Black "Benmesbah, Natacha"]
[Result "1/2-1/2"]
[WhiteTitle "IM"]
[BlackTitle "WIM"]
[WhiteElo "2296"]
[BlackElo "2244"]
[WhiteFideId "2902265"]
[BlackFideId "642002"]
[EventDate "2016.08.13"]

1. c4 Nf6 2. g3 e6 3. Bg2 c5 4. Nc3 Be7 5. Nf3 O-O 6. O-O a6 7. b3 Qc7 8. Bb2 b6
9. d4 cxd4 10. Nxd4 Bb7 11. e4 d6 12. Rc1 Nbd7 13. g4 g6 14. f4 Rfe8 15. g5 Nh5
16. Qg4 Bf8 17. f5 exf5 18. exf5 Ne5 19. Qh3 Bxg2 20. Kxg2 Qb7+ 21. Kg1 b5 22.
cxb5 axb5 23. Ndxb5 Qb6+ 24. Kh1 Qb7+ 25. Kg1 Qb6+ 26. Kh1 Qb7+ 27. Kg1 1/2-1/2

[Event "ch-FRA w 2016"]
[Site "Agen FRA"]
[Date "2016.08.21"]
[Round "9.3"]
[White "Milliet, Sophie"]
[Black "Skripchenko, Almira"]
[Result "1/2-1/2"]
[WhiteTitle "IM"]
[BlackTitle "IM"]
[WhiteElo "2354"]
[BlackElo "2452"]
[WhiteFideId "623725"]
[BlackFideId "13900145"]
[EventDate "2016.08.13"]

1. e4 e5 2. Nf3 Nc6 3. Bc4 Bc5 4. O-O Nf6 5. d3 d6 6. c3 a6 7. Bb3 Ba7 8. Re1 h6
9. Nbd2 O-O 10. Nf1 Be6 11. h3 Re8 12. Bxe6 Rxe6 13. Be3 Bxe3 14. Nxe3 d5 15.
exd5 Nxd5 16. Nxd5 Qxd5 17. Re3 Rae8 18. Qd2 Rd8 19. Qe2 Rde8 20. Qd2 Rd8 21.
Qe2 Rde8 22. Qd2 Rd8 1/2-1/2

[Event "ch-FRA w 2016"]
[Site "Agen FRA"]
[Date "2016.08.21"]
[Round "9.4"]
[White "Bollengier, Andreea"]
[Black "Monpeurt, Cyrielle"]
[Result "1/2-1/2"]
[WhiteTitle "WIM"]
[BlackTitle "WFM"]
[WhiteElo "2233"]
[BlackElo "2136"]
[WhiteFideId "1203347"]
[BlackFideId "677400"]
[EventDate "2016.08.13"]

1. c4 c6 2. e4 e5 3. Nf3 d6 4. d4 Bg4 5. Be2 Nd7 6. Nc3 Ngf6 7. O-O Be7 8. b3
O-O 9. Bb2 Qc7 10. Rc1 a5 11. h3 Bh5 12. Re1 Rfe8 13. g4 Bg6 14. Bf1 exd4 15.
Qxd4 d5 16. cxd5 Bc5 17. d6 Qb6 18. Qd2 Nxe4 19. Nxe4 Bxe4 20. Ng5 Bg6 21. Re7
Rxe7 22. dxe7 Bxe7 23. Nxf7 Nf6 24. Ne5 Be4 25. g5 Nd5 26. Nc4 Qa7 27. Bd4 Bc5
28. Bxc5 Qxc5 29. Ne3 Qe7 30. Nxd5 Bxd5 31. Re1 Qf7 32. Re5 Qf3 33. Rxd5 cxd5
34. Bg2 Qf5 35. Qxd5+ Qxd5 36. Bxd5+ Kf8 37. Bxb7 Rd8 38. Be4 g6 39. Kg2 Ke7 40.
h4 Kd6 41. f4 Ke6 42. h5 Rd2+ 43. Kg3 Kf7 44. hxg6+ hxg6 45. a3 Kg7 46. Kf3 Ra2
47. a4 Rd2 48. Ke3 Rd8 49. f5 gxf5 50. Bxf5 Rb8 51. Bc2 Rb4 52. Kd2 Rg4 53. g6
Rh4 54. Kc3 Rf4 1/2-1/2